=LDR 00000nam 2200000 4500 =001 INLIS000000000036144 =005 20220927011516 =035 ##$$a 0010-061300000036144 =008 220927################g##########0#ind## =041 ##$$a Ind =082 ##$$a F Rom K =090 ##$$a F Rom K, Ber s =100 ##$$a Bergen, Lara =245 1#$$a Snow white and the magic of frierdship : $b putri salju dan sahabat-sahabat setianya /$c Lara Bergen =260 ##$$a Jakarta :$b Gramedia,$c 2009 =300 ##$$a 24 hlm : $b Ilus ; $c 28 cm =650 #4$$a Fiksi kanak-kanak =850 ##$$a NBPNMAT =020 ##$$a 978-979-22-5229-3 =084 ##$$a F Rom K BER s =990 ##$$a 0001/BPAP-NTB/20142014 =990 ##$$a 21100731 =990 ##$$a 21100731 =990 ##$$a 0001/BPAP-NTB/20142014 =990 ##$$a 0001/BPAP-NTB/20142014 =990 ##$$a 21100731